हजारी प्रसाद द्रिवेदी के एतिहासिक उपन्यास / (Record no. 112353)

MARC details
000 -LEADER
fixed length control field 01127nam a22002657a 4500
005 - DATE AND TIME OF LATEST TRANSACTION
control field 20170124102937.0
010 ## - LIBRARY OF CONGRESS CONTROL NUMBER
LC control number A-347438
020 ## - INTERNATIONAL STANDARD BOOK NUMBER
Terms of availability 40.00
035 ## - SYSTEM CONTROL NUMBER
System control number A-347438
037 ## - SOURCE OF ACQUISITION
Source of stock number/acquisition Cen Lib/Ret
040 ## - CATALOGING SOURCE
Original cataloging agency DPL
Language of cataloging HN
082 ## - DEWEY DECIMAL CLASSIFICATION NUMBER
Classification number 823.08
Item number राजका
100 ## - MAIN ENTRY--PERSONAL NAME
Personal name राजकाव
9 (RLIN) 500
245 ## - TITLE STATEMENT
Title हजारी प्रसाद द्रिवेदी के एतिहासिक उपन्यास /
Statement of responsibility, etc राजकाव
246 ## - VARYING FORM OF TITLE
Title proper/short title Hajari Prasad drivedi ke etihasik upanyas /
Remainder of title by Raajkava
260 ## - PUBLICATION, DISTRIBUTION, ETC. (IMPRINT)
Place of publication, distribution, etc दिल्ली
Name of publisher, distributor, etc साहित्य निधि
Date of publication, distribution, etc 1987
270 ## - ADDRESS
City दिल्ली
Address 29/59-ए, गली न.११, विश्वास नगर, शाहदरा
Postal code 110032
300 ## - PHYSICAL DESCRIPTION
Extent 108पृ.
Dimensions 19सेमी(सजिल्द )
500 ## - GENERAL NOTE
General note ग्रन्थ सूची शामिल
650 ## - SUBJECT ADDED ENTRY--TOPICAL TERM
Topical term or geographic name as entry element शारीरिक शिक्षा
General subdivision
9 (RLIN) 105985
650 ## - SUBJECT ADDED ENTRY--TOPICAL TERM
Topical term or geographic name as entry element कथा साहित्य
9 (RLIN) 4735
650 ## - SUBJECT ADDED ENTRY--TOPICAL TERM
Topical term or geographic name as entry element Physical education
9 (RLIN) 22886
650 ## - SUBJECT ADDED ENTRY--TOPICAL TERM
Topical term or geographic name as entry element Fiction
9 (RLIN) 8901
942 ## - ADDED ENTRY ELEMENTS (KOHA)
Source of classification or shelving scheme Dewey Decimal Classification
Koha item type Hindi Books
Classification part 823.08
Call number suffix राजका
Holdings
Withdrawn status Lost status Damaged status Not for loan Home library Current library Date acquired Source of acquisition Cost, normal purchase price Total Checkouts Full call number Barcode Date last seen Copy number Cost, replacement price Price effective from Koha item type
        Central Library Central Library 07/08/2015 Cen Lib/Ret 40.00   823.08 राजका A-347438 07/08/2015 1 40.00 07/08/2015 Hindi Books

© Delhi Public Library
Hit Counter
free hit counter